| 000 | 01595nam a2200433 a 4500 | ||
|---|---|---|---|
| 001 | 60134 | ||
| 003 | BD-RjUL | ||
| 005 | 20211209080816.0 | ||
| 008 | 161228s2005 dcua sbs i000 0 eng d | ||
| 020 | _a9780821362761 | ||
| 020 | _a0821362763 | ||
| 020 | _a0821362771 (eISBN) | ||
| 035 | _aBD-RjUL60258 | ||
| 040 |
_aDLC _cDLC _dYDX _dBAKER _dYUS _dPUL _dDNLM _dWaSeSS _beng |
||
| 041 | _aeng | ||
| 060 | 0 | 0 | _a2006 E-677 |
| 060 | 1 | 0 |
_aWF 200 _bS8835 2006 |
| 082 | 0 | 0 |
_a614.5420958 _222 _bSTO 2005 |
| 245 | 0 | 0 |
_aStopping tuberculosis in Central Asia : _bpriorities for action / _cJoana Godinho ... [et al.]. |
| 260 |
_aWashington, D.C. : _bWorld Bank, _cc2005. |
||
| 300 |
_a194 p. '; _c26 cm. |
||
| 490 | 1 |
_aWorld Bank working paper, _vno. 56 |
|
| 504 | _aIncludes bibliographical references (p. 193-194). | ||
| 506 | _aLicense restrictions may limit access. | ||
| 650 | 1 | 2 |
_aTuberculosis, Pulmonary _9178995 |
| 650 | 2 | 2 |
_aAcquired Immunodeficiency Syndrome _xcomplications _9178996 |
| 650 | 2 | 2 |
_aHealth Care Costs _xstatistics & numerical data _9178997 |
| 650 | 2 | 2 |
_aHIV Infections _xcomplications _9178998 |
| 651 | 2 |
_aAsia, Central _9178999 |
|
| 655 | 2 |
_aStatistics _9174731 |
|
| 700 | 1 |
_aGodinho, Joana, _d1951- _9178992 |
|
| 710 | 2 |
_aWorld Bank. _9171728 |
|
| 773 | 0 | _tOpen Knowledge Repository | |
| 830 | 0 |
_aWorld Bank working paper, _vno. 56. _9179732 |
|
| 856 | 4 | 0 |
_uhttp://www.columbia.edu/cgi-bin/cul/resolve?clio7699412 _zFull text available from Open Knowledge Repository |
| 942 |
_2ddc _cBK |
||
| 999 |
_c60134 _d60134 |
||